|
|
|
|
| LEADER |
00000nab a2200000 a 4500 |
| 001 |
vtls008691838 |
| 003 |
SK-MaSNL |
| 005 |
20260426083902.0 |
| 008 |
250505c2005 xo |r|p|||||||000 b|slo |
| 015 |
|
|
|a SNBRA2006/04
|2 snkbucl
|
| 035 |
|
|
|a (sysno)vtls008691838
|
| 035 |
|
|
|a urn:nbn:sk:snk-ab74pj
|
| 035 |
|
|
|a (uuid)a5351bb9-9136-43ed-b38e-fa017e6230d9
|
| 035 |
|
|
|a (urnnbn)urn:nbn:sk:snk:ar-a06tz2
|
| 038 |
|
|
|a SNKBUCL
|
| 040 |
|
|
|a SNKBUCL
|b slo
|c SNKBUCL
|e AACR2
|
| 041 |
0 |
|
|a slo
|b eng
|
| 044 |
|
|
|a xo
|c SK
|
| 080 |
|
|
|a 582.572
|x (437.6)
|2 2001
|
| 100 |
1 |
|
|a Kochjarová, Judita
|4 aut
|9 266905
|
| 245 |
1 |
0 |
|a Diploidné populácie Scilla bifolia agg. na slovensku
|c Judita Kochjarová, Richard Hrivnák, Jaroslav Vlčko
|
| 246 |
3 |
1 |
|a The diploid populations of Scilla bifolia group in Slovakia
|
| 300 |
|
|
|b Obr.
|
| 504 |
|
|
|a Bibliogr. odkazy
|
| 546 |
|
|
|a Res. angl.
|
| 650 |
0 |
7 |
|a scila dvojlistá
|2 snkbucl
|9 85628
|
| 650 |
0 |
7 |
|a diploidné populácie
|2 snkbucl
|9 1458233
|
| 650 |
0 |
7 |
|a scila karpatská
|2 snkbucl
|9 85629
|
| 650 |
0 |
7 |
|a scila viedenská
|2 snkbucl
|9 85631
|
| 651 |
|
7 |
|a Slovensko
|2 snkbucl
|9 14231
|
| 700 |
1 |
|
|a Hrivnák, Richard,
|d 1969-
|4 aut
|9 189291
|
| 700 |
1 |
|
|a Vlčko, Jaroslav,
|d 1964-
|4 aut
|9 37231
|
| 773 |
0 |
|
|t Bulletin Slovenskej botanickej spoločnosti pri Slovenskej akadémii vied 27
|d Bratislava : Slovenská botanická spoločnosť pri SAV, 2005
|g S. 53-62
|z 8096926527
|
| 850 |
|
|
|a Slovenská národná knižnica
|
| 852 |
|
|
|a Slovenská národná knižnica
|
| 954 |
|
|
|a odborná, vedecká literatúra pôvodná (slovenská)
|2 lita
|
| 958 |
|
|
|a article2022
|
| 958 |
|
|
|a NB
|
| 958 |
|
|
|a SK
|
| 958 |
|
|
|a OND
|
| 958 |
|
|
|a EUIPO
|
| 999 |
|
|
|c 2916913
|d 2918843
|